Cooling impact on rubber mixing in the farrel shaw intermix internal mixer (Record no. 56362)

MARC details
000 -LEADER
fixed length control field 00446nam a2200109Ia 4500
100 ## - MAIN ENTRY--AUTHOR NAME
Personal name Ghafouri S N
245 #0 - TITLE STATEMENT
Title Cooling impact on rubber mixing in the farrel shaw intermix internal mixer
260 ## - PUBLICATION, DISTRIBUTION, ETC. (IMPRINT)
Name of publisher Proceedings of the National Conference and Exposition on Rubber and Allied Materials. India Rub Tech Expo 2004. 13-14 February, 2004, Mysore.pp.207-219.
650 ## - SUBJECT ADDED ENTRY--TOPICAL TERM
Topical Term Rubber mixing
942 ## - ADDED ENTRY ELEMENTS (KOHA)
Koha item type Journals
Holdings
Withdrawn status Lost status Damaged status Not for loan Home library Current library Shelving location Date acquired Koha item type
      Journals RRII Library RRII Library Rubber chemistry 17/12/2021 Journals